[Event "ROM-ch U10"]
[Site "Calimanesti Caciulata"]
[Date "2019.04.22"]
[Round "9"]
[White "Axente, Ioan Lucian"]
[Black "Neagu, Andrei Danut"]
[Result "1-0"]
[WhiteElo "1032"]
[BlackElo "1089"]
[PlyCount "101"]
[EventDate "2019.04.15"]
[EventType "swiss"]
[EventRounds "9"]
[EventCountry "ROU"]
[SourceTitle "CBM 190 Extra"]
[Source "ChessBase"]
[SourceDate "2019.07.15"]
[SourceVersion "1"]
[SourceVersionDate "2019.07.15"]
[SourceQuality "1"]

1. e4 c5 2. Nf3 g6 3. Bc4 Nf6 4. d3 Bg7 5. Be3 d6 6. c3 0-0 7. 0-0 Nc6 8. Nbd2 Bg4 9. Qb3 Rb8 10. Ng5 e6 11. f3 h6 12. fxg4 hxg5 13. Bxg5 a6 14. a4 Ne5 15. h3 Ned7 16. Nf3 Qb6 17. Rad1 Qxb3 18. Bxb3 b5 19. Rb1 Rfe8 20. Nh4 Nh7 21. Be3 d5 22. exd5 exd5 23. Bf4 Rbc8 24. Bxd5 g5 25. Bxf7+ Kxf7 26. Bxg5+ Kg8 27. Bf4 bxa4 28. Ng6 Ne5 29. Nxe5 Bxe5 30. Bxe5 Rxe5 31. Rf4 Rd5 32. Rxa4 Rxd3 33. Rxa6 Kh8 34. b4 Rxc3 35. bxc5 R3xc5 36. Kh2 Rc3 37. Rf1 Ng5 38. Rf5 Nh7 39. Rg6 Rd8 40. h4 Re8 41. Rh5 Rf8 42. g5 Rg8 43. Rgh6 Kg7 44. Rxh7+ Kf8 45. Rh8 Rc7 46. Rxg8+ Kxg8 47. Rh6 Rc4 48. g3 Kg7 49. Kh3 Kf7 50. h5 Kg7 51. Ra6 1-0

[Event "ROM-ch U10"]
[Site "Calimanesti Caciulata"]
[Date "2019.04.16"]
[Round "2"]
[White "Neagu, Andrei Danut"]
[Black "Cruceru Uceanu, Tudor Mihai"]
[Result "0-1"]
[WhiteElo "1089"]
[BlackElo "1282"]
[PlyCount "40"]
[EventDate "2019.04.15"]
[EventType "swiss"]
[EventRounds "9"]
[EventCountry "ROU"]
[SourceTitle "CBM 190 Extra"]
[Source "ChessBase"]
[SourceDate "2019.07.15"]
[SourceVersion "1"]
[SourceVersionDate "2019.07.15"]
[SourceQuality "1"]

1. f4 d5 2. Nf3 c5 3. e3 Nc6 4. Bb5 Nf6 5. b3 e6 6. Bb2 Be7 7. 0-0 0-0 8. a4 Qc7 9. Ne5 a5 10. Bd3 h6 11. Na3 Bd6 12. Nxc6 bxc6 13. c4 Be7 14. Qe2 Kh8 15. Rfe1 Rb8 16. Bc2 Bb7 17. Rab1 Rbd8 18. Red1 Rd7 19. Bd3 Rfd8 20. cxd5 cxd5 0-1

[Event "ROM-ch U10"]
[Site "Calimanesti"]
[Date "2018.03.30"]
[Round "5"]
[White "Chiu, Vlad Stefan"]
[Black "Neagu, Andrei Danut"]
[Result "1-0"]
[WhiteElo "1137"]
[BlackElo "1177"]
[PlyCount "54"]
[EventDate "2018.03.27"]
[EventType "swiss"]
[EventRounds "9"]
[EventCountry "ROU"]
[SourceTitle "CBM 183 Extra"]
[Source "ChessBase"]
[SourceDate "2018.04.19"]
[SourceVersion "1"]
[SourceVersionDate "2018.04.19"]
[SourceQuality "1"]

1. Nf3 Nf6 2. g3 Nc6 3. d4 e6 4. Bg2 Bb4+ 5. Bd2 Bxd2+ 6. Qxd2 Qe7 7. 0-0 Nb4 8. a3 Nc6 9. c4 Ne4 10. Qf4 Nf6 11. Qxc7 Qd6 12. Qxd6 Ne4 13. Qf4 Nf6 14. d5 exd5 15. cxd5 Nxd5 16. Qc4 Nb6 17. Qe4+ Ne7 18. Nc3 d6 19. a4 Bf5 20. Qxb7 Rc8 21. Nb5 0-0 22. Qxe7 Rfe8 23. Qxa7 Nc4 24. b3 Ra8 25. Qc7 Rac8 26. Qa7 Ra8 27. Qd4 Re4 1-0

[Event "ROM-ch U08"]
[Site "Calimanesti"]
[Date "2013.04.03"]
[Round "2"]
[White "Neagu, Andrei Danut"]
[Black "Borsaru, David Andrei"]
[Result "1-0"]
[WhiteElo "1073"]
[BlackElo "1096"]
[PlyCount "129"]
[EventDate "2013.04.02"]
[EventType "swiss"]
[EventRounds "9"]
[EventCountry "ROU"]
[SourceTitle "CBM 153 Extra"]
[Source "ChessBase"]
[SourceDate "2013.04.22"]
[SourceVersion "1"]
[SourceVersionDate "2013.04.22"]
[SourceQuality "1"]

1. e4 e5 2. Nf3 Nc6 3. Bc4 Bc5 4. 0-0 Nf6 5. Nc3 d6 6. h3 Be6 7. Bxe6 fxe6 8. d3 h6 9. Be3 Bb6 10. Qd2 Bxe3 11. Qxe3 0-0 12. Rfe1 d5 13. exd5 exd5 14. Nxe5 d4 15. Nxc6 bxc6 16. Qe6+ Kh8 17. Ne4 Re8 18. Qxc6 Nh7 19. Nc5 Rxe1+ 20. Rxe1 Nf6 21. Ne6 Qe7 22. Qxc7 Qxc7 23. Nxc7 Rc8 24. Nb5 Rxc2 25. Nxa7 Rxb2 26. Nc6 Rxa2 27. Nxd4 Rd2 28. Re3 Nd5 29. Re5 Nc3 30. Re3 Nd1 31. Nb3 Rxf2 32. Re1 Rb2 33. Rxd1 Rxb3 34. d4 Rb8 35. d5 Rd8 36. Kf2 Kg8 37. Ke3 Kf7 38. Ke4 Ke7 39. Ke5 Kd7 40. Kf5 Ke7 41. Kg6 Kf8 42. d6 Rd7 43. Kf5 Ke8 44. Ke6 Kd8 45. g4 Ke8 46. Rf1 g5 47. Rf6 Rh7 48. Rg6 Rh8 49. d7+ Kd8 50. Kd6 Rf8 51. Rxh6 Rg8 52. Re6 Rf8 53. Re8+ Rxe8 54. dxe8Q+ Kxe8 55. Ke5 Kf7 56. Kf5 Kg7 57. Kxg5 Kh7 58. Kf6 Kg8 59. g5 Kf8 60. g6 Kg8 61. g7 Kh7 62. Kf7 Kh6 63. g8Q Kh5 64. Qg3 Kh6 65. Qg6# 1-0